Statystyki dla Autobusy we wrocławiu i okolicach

Kliknij tutaj aby rozwiązać quiz!

Ogólne statystyki

  • Ten quiz został rozwiązany 175 razy
  • Średni wynik to 71 z 125

Statystyki odpowiedzi

KierunkiNazwa autobusu% Poprawnych
Sępolno, Iwiny-rondo145
94%
Bieńkowice, Galeria Dominikańska114
89%
Reja, Wojnów(Pętla)115
89%
Dworzec główny(dworcowa), Port lotniczy106
88%
Krzyki, Plac Solidarności107
88%
Iwiny-rondo, Galeria domnikańska110
88%
Dworzec główny, Krzyki112
88%
Blacharska, Sołtysowice(Pętla)119
88%
Rędzin, Sępolno118
87%
Bartoszowice(Pętla), Gaj-pętla146
87%
Plac Jana Pawła II, Pracze odrzańskie103
86%
Rędzińska, Plac Jana Pawła II104
86%
Osiedle Sobieskiego(Pętla), Kminkowa111
86%
Dworzec główny, Krzyki113
86%
Sołtysowice(Pętla), Plac Grunwaldzki116
86%
Jerzmanowo(Cmentarz I), Leśnica117
86%
Świniary, Kromera105
85%
Brochów, Tyniecka(Pętla)125
85%
Kosmonautów(Szpital), Plac Jana Pawła II102
84%
Pracze widawskie, Dworzec nadodrze108
84%
Leśnica, Metalowców123
84%
Księże wielkie, Nowy dwór(Pętla)124
84%
Kozanów, Wojszycka126
84%
Leśnica, Kwiska101
83%
Plac solidarności, Jarnołtowska(Samotworska)109
83%
Galeria Dominikańska, Trestno(Pętla)120
83%
Zwycięska, Kozia127
83%
Zakrzów, Pilczyce128
83%
Port lotniczy, Poświęcka(Ośrodek zdrowia)129
83%
Osiedle Sobieskiego(Pętla), Polanowice130
83%
Oporów, Kromera132
83%
Nowy dwór(Pętla), Księże wielkie134
83%
Kminkowa, Tarnogaj143
83%
Reja, Kiełczowska-cmentarz121
82%
Zwycięska, Polanowice144
82%
Kłokoczyce(Pętla), Mulicka147
82%
Reja, Litewska131
81%
Dworzec główny(dworcowa), Leśnica148
81%
Kuźniki, Plac Grunwaldzki149
81%
Nowy dwór, Dworzec Autobusowy122
80%
Centrum Handlowe Aleja Bielany, Brochów133
80%
Tarnogaj, Kozanów136
80%
Las Mokrzański, Lesnica137
79%
Leśnica, Żar138
79%
Kuźniki, Karłowice142
79%
Kwiska, Ślazowa140
77%
Osiedle Sobieskiego(Pętla), Litewska150
77%
Reja, Pawłowice(Widawska)151
77%
Mokry dwór, Gaj-pętla100
76%
Osiedle Sobieskiego(Pętla), Giełdowa(Centrum hurtu)D
70%
Krzyki, Koszarowa(Szpital)A
69%
Plac Grunwaldzki, KozanówC
68%
Kamieńskiego(Pętla), Gaj-pętlaK
65%
Petrusewicza, LitewskaN
65%
Pracze odrzańskie, Bieńkowice245
53%
Giełdowa(centrum hurtu), Polanowice247
52%
Kozanów, Sołtysowice(Pętla)246
51%
Pawłowice(Widawska), Nowy dwór(Pętla)241
50%
Leśnica, Księże wielkie243
50%
Poświęcka(ośrodek zdrowia), Racławicka248
50%
Jarnołtowska(Samotworska), Krzyki249
50%
Krzyki, Litewska251
50%
Sępolno, Leśnica253
50%
Petrusewicza, Kowale242
49%
Dworzec główny250
49%
Oporów, Rędzin257
48%
Wojnów(Pętla), Zwycięska259
48%
Petrusewicza, Kminkowa244
47%
Iwiny-rondo, Sępolno255
47%
Wojnów(Pętla), Galeria Dominikańska920
47%
Wilkszyn(Pętla), Leśnica923
47%
Krzyżanowice, Kromera930
47%
Mulicka, Kiełczówek-pętla931
47%
Szymanów-pętla, Dworzec nadodrze908
46%
Leśnica, Lutynia938
46%
Siechnice PKP85
45%
Smolec-Wiśniowa, Nowy dwór927
45%
Krzyki, Zabrodzie-pętla933
45%
Jaksonowice-skrzyżowanie, Mulicka934
45%
Dworzec Autobusowy240
44%
Dworzec Autobusowy, Krzyki612
44%
Plac Grunwaldzki, Bielawa911
44%
Żórawina-Niepodległości(Mostek), Krzyki913
44%
Gałów(Pętla), Leśnica917
44%
Stępin-kościół, Galeria Dominikańska924
44%
Godzieszowa-transformator, Mirków-skrzyżowanie Polna936
44%
Leśnica, Brzezinka Średzka-PKP937
44%
Paprotna, Biskupice Podgórne LG Energy Solution Wrocław I602
43%
Żórawina-Niepodległości(Mostek), Tarnogaj903
43%
Łozina-skrzyżowanie, Galeria Dominikańska904
43%
Stadion Olimpijski, Szczodre-pętla941
43%
Miękinia-pętla, Leśnica948
43%
Dworzec Autobusowy, Port lotniczy206
42%
Siechnice-Osiedle, Wzgórze Partyzantów810
41%
Galeria Dominikańska, Siechnice-Osiedle820
41%
Święta Katarzyna-główna, Kotowice-cmentarna83
41%
Siechnice PKP84
41%
Nowy dwór, Samotwór-Leśna909
41%
Galeria Dominikańska, Pruszowice914
41%
Smolec-lipowa-pętla, Oporów947
41%
Kwiska, Irysowa607
40%
Siechnice-Osiedle, Galeria Dominikańska800
40%
Leśnica, Księginice P&R958
39%
Pietrzykowice-Sportowa/pętla, Oporów907
38%
Smolec-Wiśniowa, Fat967
38%
Reja, Swojczyce315
37%
Kamieńskiego(Pętla), Klecina(Stacja kolejowa)319
36%
Stadion Olimpijski345
33%
Krzyki, Kobierzyce-Witosa st.2812
30%
Solna, Sucha862
29%
Żerniki wrocławskie-pętla, Brochów(Stacja kolejowa)860
28%
Tarnogaj, Święta Katarzyna-Główna(5a)870
28%
Krzyki, Tyńczyk-Pętla872
25%
Krzyki892
25%
Krzyki852
23%
Hallera, Bielany Wrocławskie Makro832
22%
Pustków Wilczkowski, Krzyki882
21%
Solna, Dworzec AutobusowyN62
13%
Rynek, Stadion Wrocław(Królewiecka)S1
11%
Rynek, PilczyceS2
11%
Stadion Olimpijski, PaprotnaS3
11%
Pietrzykowice-Sportowa/pętla, Oporów927L
9%
Pietrzykowice-Sportowa/pętla, Nowy dwór(Pętla)927P
8%
Leśnica, RynekT2
7%
Sucha, Kobierzyce-Witosa(stanowisko 3)862R
5%

Rozkład punktacji

Percentyl według liczby udzielonych odpowiedzi

Procent ludzi z każdym wynikiem

Twoja historia wyników

Nie rozwiązałeś tego quizu